Etui für Wachstafeln

Titel: Etui für Wachstafeln / Urszula Sieńkowska
Verfasser:
In: Faszination Stadt, (2019), Seite 614
alle Artikel anzeigen
Veröffentlicht: 2019
Umfang: 1 Illustration
Format: Aufsatz
Sprache: Deutsch
Schlagworte:
Kein Bild verfügbar
X
alg: 47926941
001A    $03025:14-05-21 
001B    $01999:14-05-21 $t22:33:59.000 
001D    $03025:14-05-21 
001U    $0utf8 
001X    $00 
002@    $0Aou 
002C    $aText $btxt $2rdacontent 
002D    $aohne Hilfsmittel zu benutzen $bn $2rdamedia 
002E    $aBand $bnc $2rdacarrier 
003@    $0479269416 
007A    $0479269416 $aHEB 
010@    $ager 
010E    $erda 
011@    $a2019 
021A    $aEtui für Wachstafeln $hUrszula Sieńkowska 
028A    $BVerfasser $4aut $7 $8Sieńkowska, Urszula [Tnu] $9316612189 
031A    $h614 $j2019 
034M    $a1 Illustration 
039B    $aEnthalten in $8--Aau--. Faszination Stadt. - Dresden : Sandstein Verlag, [2019]. - 807 Seiten. - Illustrationen, Karten. - ISBN 978-3-95498-453-4 $x201900000000000386 $9450579158 
044K    $RElbing $#Elbing $#Elbing Elbląg $71028071-6 $8Elbląg [Tg1] $9042042631 
044K    $74251364-9 $8Etui [Ts1] $9086328646 
044K    $RSchreibtafel $74188801-7 $8Wachstafel [Ts1] $908593027X 
045F    $a020.9430709024 $eDDC23BSB 
045F/01 $a020 
045F/03 $f09024 
045F/03 $g4307 
045F/03 $g438 
045G    $a390.09430709024 $eDDC23BSB 
045G/01 $a390 
045G/03 $f09024 
045G/03 $g4307 
045G/03 $g438 
045R    $aGeschichte 1400-1470 

lok: 47926941 78

exp: 47926941 78 1 #EPN
201B/01 $014-05-21 $t13:31:47.000 
201C/01 $014-05-21 
201U/01 $0utf8 
203@/01 $01153670410 
208@/01 $a14-05-21 $be 
209A/01 $a/ $f000 $x00 
209A/01 $ab*p $x01 
209A/01 $aEventuell aus Paris stammend, gefunden in der Ul. Kowalska/Elbing $x03 
220C/01 $apgar 
244Z/01 $#Generalgouvernement Polen $#Polska $#Rzeczpospolita Polska $#Polska Rzeczpospolita Ludowa $#Poland $#Pologne $#République Polonaise $#Generalne Gubernatorstwo w Polsce $#Polish People's Republic $#Polska Rzeczpospolita Polen $#PRL $#RP $#Polen Generalgouvernement $#Polska Generalgouvernement $#Besetzte Polnische Gebiete $#Besetztes Gebiet in Polen $#Okupowane Polskie Obszary $#Obszary Okupowane w Polsce $#Volksrepublik Polen $#Polska Rosyjska $#Republic Polen $#Respublika Pol'ša $#Pol'skaja Narodnaja Respublika $#République de Pologne $#Polen Links der Weichsel $#Polska po Lewej Stronie Wisły $#Lenkija $#Polija $#Gubernija Carstva Pol'skago $#Republik Polen $74046496-9 $8--Tg1--Polen $x01 $9085129801 
244Z/01 $#Preußen $#Preußen $#Brandenburg-Preußen $#Königreich Preußen $#Preußische Staaten $#Preußischer Staat $#Der @Preußische Staat $#Königlich Preußische Staaten $#Prusy Królewskie $#Königlich Preußen $#Prussia $74047194-9 $8--Tg1--Preußen $x02 $9085131652 
247C/01 $82080>Marburg/Lahn, Herder-Institut, Forschungsbibliothek, Bibliographieportal $9336309341
LEADER 00000caa a2200000 c 4500
001 479269416
003 DE-603
005 20210514223359.0
007 tu
008 210514s2019 xx |||| | u00||u|ger c
035 |a (DE-599)HEB479269416 
040 |a DE-603  |b ger  |c DE-603  |d DE-603  |e rda 
041 |a ger 
082 0 4 |8 1\u  |a 020.9430709024  |q DE-101  |2 23/BSB 
083 0 |8 2\u  |a 390.09430709024  |q DE-101  |2 23/BSB 
085 |8 1\u  |b 020 
085 |8 1\u  |z 1  |s 09024 
085 |8 1\u  |z 2  |s 4307 
085 |8 1\u  |z 2  |s 438 
085 |8 2\u  |b 390 
085 |8 2\u  |z 1  |s 09024 
085 |8 2\u  |z 2  |s 4307 
085 |8 2\u  |z 2  |s 438 
100 1 |a Sieńkowska, Urszula  |e Verfasser  |4 aut  |0 (DE-603)316612189 
245 0 0 |a Etui für Wachstafeln  |c Urszula Sieńkowska 
264 0 |c 2019 
300 |b 1 Illustration 
336 |a Text  |b txt  |2 rdacontent 
337 |a ohne Hilfsmittel zu benutzen  |b n  |2 rdamedia 
338 |a Band  |b nc  |2 rdacarrier 
648 7 |a Geschichte 1400-1470  |2 gnd 
650 7 |a Etui  |0 (DE-588)4251364-9  |0 (DE-603)086328646  |2 gnd 
650 7 |a Wachstafel  |0 (DE-588)4188801-7  |0 (DE-603)08593027X  |2 gnd 
651 7 |a Elbląg  |0 (DE-588)1028071-6  |0 (DE-603)042042631  |2 gnd 
773 0 8 |i Enthalten in  |t Faszination Stadt  |d Dresden : Sandstein Verlag, [2019]  |h 807 Seiten, Illustrationen, Karten  |z 9783954984534  |z 3954984539  |g (2019), Seite 614  |w (DE-603)450579158 
924 0 |9 2080  |a (DE-603)1153670410  |b DE-2080  |c HES  |d d  |g /